Statistical abstract, India, 1984 (Record no. 507414)

000 -LEADER
fixed length control field 00376nam a2200109 4500
082 ## - DEWEY DECIMAL CLASSIFICATION NUMBER
Classification number A84x54 1984
100 ## - MAIN ENTRY--PERSONAL NAME
Personal name India. Central Statistical Organisation. Ministry of Planning
9 (RLIN) 1623
245 ## - TITLE STATEMENT
Title Statistical abstract, India, 1984
Statement of responsibility, etc by Ministry of Planning. Central Statistical Organisation
260 ## - PUBLICATION, DISTRIBUTION, ETC. (IMPRINT)
Place of publication, distribution, etc Delhi
Name of publisher, distributor, etc Controller of Publications
Date of publication, distribution, etc 1985
300 ## - PHYSICAL DESCRIPTION
Extent 679p.
942 ## - ADDED ENTRY ELEMENTS (KOHA)
Source of classification or shelving scheme
Holdings
Withdrawn status Lost status Source of classification or shelving scheme Damaged status Koha normalized classification for sorting Not for loan Permanent location Current location Date acquired Full call number Barcode Date last seen Price effective from Koha item type
        A_84X54_1984_000000000000000   Indian Institute of Public Administration Indian Institute of Public Administration 2019-02-12 A84x54 1984 GG34250 2019-02-12 2019-02-12 GG

Powered by Koha